000 00771nam a2200229Ia 4500
003 OSt
005 20260105102020.0
008 220923b |||||||| |||| 00| 0 eng d
020 _a0415424151
037 _cGeneral Book
040 _aRTL
_cRTL
_beng
041 _2eng
_aeng
084 _aY:3(S5).2.N, P7
_qRTL
100 _aSrivastava Sanjay
_917311
245 0 _aPassionate modernity: sexuality, class, and consumption in India
260 _a New Delhi
_bRoutledge
_c2007
300 _aviii, 397 p.
_bIncludes bibliographical references and index.
650 _aSociolology
_9230864
650 _aSexuality
_9861642
942 _hY:3(S5).2.N, P7
_cGB
_2CC
_n0
999 _c611691
_d611691